Greece, the Hidden Centuries Turkish Rule from the Fall of Constantinople to Greek Independence (Record no. 1472035)

MARC details
000 -LEADER
fixed length control field 00609nam a2200193Ia 4500
005 - DATE AND TIME OF LATEST TRANSACTION
control field 20260114185700.0
008 - FIXED-LENGTH DATA ELEMENTS--GENERAL INFORMATION
fixed length control field 008 260114s9999 xx 000 0 eng d
020 ## - INTERNATIONAL STANDARD BOOK NUMBER
International Standard Book Number 9780755621231
037 ## - SOURCE OF ACQUISITION
Stock number EBOOK
040 ## - CATALOGING SOURCE
Original cataloging agency CRL
Language of cataloging eng
Transcribing agency CRL
041 ## - LANGUAGE CODE
Language code of text/sound track or separate title eng
Source of code eng
084 ## - COLON CLASSIFICATION NUMBER
Assigning agency CRL
100 ## - MAIN ENTRY--PERSONAL NAME
Personal name David Brewer
9 (RLIN) 873087
245 #0 - TITLE STATEMENT
Title Greece, the Hidden Centuries Turkish Rule from the Fall of Constantinople to Greek Independence
260 ## - PUBLICATION, DISTRIBUTION, ETC.
Name of publisher, distributor, etc. Bloomsbury
Date of publication, distribution, etc. 2009
856 ## - ELECTRONIC LOCATION AND ACCESS
Uniform Resource Identifier <a href="https://doi.org/10.5040/9780755621231?locatt=label:secondary_bloomsburyCollections">https://doi.org/10.5040/9780755621231?locatt=label:secondary_bloomsburyCollections</a>
942 ## - ADDED ENTRY ELEMENTS (KOHA)
Koha item type eBooks
Holdings
Withdrawn status Lost status Damaged status Not for loan Home library Current library Date acquired Total Checkouts Barcode Date last seen Price effective from Koha item type
        Central Library Central Library 2026-01-14   CL1847732 2026-01-14 2026-01-14 eBooks
Copyright @ Delhi University Library System